000 00823nam-a2200205-a-4500
001 000084658
003 AM-YEHGA
005 20250617160748.0
008 990210s1961 xxu 000 0 rus u
020 _c00.20
040 _aAM-YeHGA
100 1 0 _aМардашев, Сергей Руфович
245 1 0 _aДемонстрации к лекциям по биологической химии :
_bПособие для преподавателей /
_cС.Р. Мардашев, А.А. Покровский, Н.А. Павлова.
260 _aМосква :
_bВысшая школа ,
_c1961.
300 _a143 с.
650 4 _aСущность жизни
700 1 _aПокровский, Алексей Алексеевич
700 1 _aПавлова, Нина Александрова
090 _c463019
999 _c459946
_d459946